| 000 | 01395nac a22003611u 4500 | ||
|---|---|---|---|
| 003 | OSt | ||
| 005 | 20221027100944.0 | ||
| 008 | 221027t2001 nyuab f b 001 0 eng d | ||
| 020 | _a0071359575 (CD ROM : alk. paper) | ||
| 020 | _a9780071376051 | ||
| 040 |
_aEG-ScBUE _beng _erda _cEG-ScBUE _dEG-ScBUE |
||
| 082 | 0 | 4 |
_a720.87 _bUNI _222 |
| 245 | 0 | 0 |
_aUniversal design handbook / _cWolfgang F. E. Preiser, editor in chief, University of Cincinnati, Ohio ; Elaine Ostroff, senior editor, Adaptive Environment Center, Boston, Massachusetts ; foreword by Robert Ivy, FAIA, editor in chief, architectural record. |
| 264 | 1 |
_aNew York : _bMcGraw-Hill, _c[2001] |
|
| 264 | 4 | _cc2001 | |
| 300 |
_a1 volume (various pagings) : _billustrations, maps ; _c25 cm + _e1 CD. |
||
| 336 |
_2rdacontent _atext _btxt |
||
| 336 |
_2rdacontent _asounds _bsnd |
||
| 337 |
_2rdamedia _aunmediated _bn |
||
| 337 |
_2rdamedia _aaudio _bs |
||
| 338 |
_2rdacarrier _avolume _bnc |
||
| 338 |
_2rdacarrier _acomputer disc _bcd |
||
| 490 | 0 | _aMcGraw-Hill handbooks | |
| 504 | _aIncludes bibliographical references and index. | ||
| 650 | 7 |
_aBarrier-free design. _2BUEsh |
|
| 650 | 7 |
_aUniversal design. _2BUEsh |
|
| 653 | _bENGARC | ||
| 655 | _vReading book | ||
| 700 | 1 |
_aPreiser, Wolfgang F. E., _eeditor. |
|
| 700 | 1 |
_aOstroff, Elaine, _eeditor. |
|
| 700 | 1 |
_aIvy, Robert, _eauthor of introduction, etc. |
|
| 942 |
_cBB _2ddc |
||
| 999 |
_c3155 _d3155 |
||